Statistiques concernant Qui sont ces personnalités politiques ? - LFI

Cliquez ici pour prendre le quiz!

Statistiques générales

  • Ce quiz a été pris 71 fois
  • Le résultat moyen est 11 sur 16

Statistiques - réponses

Réponse% Correct
Jean-Luc Mélenchon
100%
Louis Boyard
93%
Mathilde Panot
89%
Clémentine Autain
84%
François Ruffin
83%
Alexis Corbière
80%
Manuel Bompard
79%
Danièle Obono
74%
Raquel Garrido
70%
Rachel Keke
64%
Antoine Léaument
61%
Éric Coquerel
54%
Clémence Guetté
50%
Ugo Bernalicis
34%
Sophia Chikirou
31%
Sarah Legrain
10%

Distribution des résultats

Percentile par nombre de réponses

% des personnes avec chaque résultat

Votre développement - résultats

Vous n’avez pas pris ce quiz